1967 steam charts (Record no. 20544)

000 -LEADER
fixed length control field 00500nam a22001931 4500
001 - CONTROL NUMBER
control field 20544
003 - CONTROL NUMBER IDENTIFIER
control field BD-DhUET
008 - FIXED-LENGTH DATA ELEMENTS--GENERAL INFORMATION
fixed length control field 700914s1968 nyua 000 0 eng
020 ## - INTERNATIONAL STANDARD BOOK NUMBER
International Standard Book Number 0713130458
040 ## - CATALOGING SOURCE
Original cataloging agency DLC
Transcribing agency DLC
Modifying agency BD-DhUET
082 ## - DEWEY DECIMAL CLASSIFICATION NUMBER
Classification number 621.101084
Item number ELE/1967
110 ## - MAIN ENTRY--CORPORATE NAME
Corporate name or jurisdiction name as entry element Electrical Research Association
245 10 - TITLE STATEMENT
Title 1967 steam charts
250 ## - EDITION STATEMENT
Edition statement 1st ed.
260 ## - PUBLICATION, DISTRIBUTION, ETC. (IMPRINT)
Place of publication, distribution, etc. London
Name of publisher, distributor, etc. Edward Arnold
Date of publication, distribution, etc. 1967
300 ## - PHYSICAL DESCRIPTION
Extent vii, 64 p. (chiefly illus., part col.)
Dimensions 31 cm.
650 #0 - SUBJECT ADDED ENTRY--TOPICAL TERM
Topical term or geographic name as entry element Steam
942 ## - ADDED ENTRY ELEMENTS (KOHA)
Koha item type Corporate Publication
Holdings
Source of classification or shelving scheme Shelving location Withdrawn status Location (home branch) Damaged status Copy number Koha normalized classification for sorting Lost status Piece designation (barcode) Date acquired Sublocation or collection (holding branch) Price effective from Koha full call number Not for loan Koha item type Koha date last seen
 Circulation section Central Library, BUET 1621_101084000000000_ELE_1967 182952015-04-12Central Library, BUET2015-04-12621.101084/ELE/1967 Corporate Publication2015-04-12
 Circulation section Central Library, BUET 2621_101084000000000_ELE_1967 182932015-04-12Central Library, BUET2015-04-12621.101084/ELE/1967 Corporate Publication2015-04-12
 Circulation section Central Library, BUET 3621_101084000000000_ELE_1967 131662015-04-12Central Library, BUET2015-04-12621.101084/ELE/1967 Corporate Publication2015-04-12
 Circulation section Central Library, BUET 4621_101084000000000_ELE_1967 131622015-04-12Central Library, BUET2015-04-12621.101084/ELE/1967 Corporate Publication2015-04-12
 Circulation section Central Library, BUET 5621_101084000000000_ELE_1967 182972015-04-12Central Library, BUET2015-04-12621.101084/ELE/1967 Corporate Publication2015-04-12
 Circulation section Central Library, BUET 6621_101084000000000_ELE_1967 182962015-04-12Central Library, BUET2015-04-12621.101084/ELE/1967 Corporate Publication2015-04-12
 Circulation section Central Library, BUET 7621_101084000000000_ELE_1967 182942015-04-12Central Library, BUET2015-04-12621.101084/ELE/1967 Corporate Publication2015-04-12
 Circulation section Central Library, BUET 8621_101084000000000_ELE_1967 183002015-04-12Central Library, BUET2015-04-12621.101084/ELE/1967 Corporate Publication2015-04-12
 Circulation section Central Library, BUET 9621_101084000000000_ELE_1967 131632015-04-12Central Library, BUET2015-04-12621.101084/ELE/1967 Corporate Publication2015-04-12
 Circulation section Central Library, BUET 10621_101084000000000_ELE_1967 182992015-04-12Central Library, BUET2015-04-12621.101084/ELE/1967 Corporate Publication2015-04-12
 Circulation section Central Library, BUET 11621_101084000000000_ELE_1967 131652015-04-12Central Library, BUET2015-04-12621.101084/ELE/1967 Corporate Publication2015-04-12
 Circulation section Central Library, BUET 12621_101084000000000_ELE_1967 183022015-04-12Central Library, BUET2015-04-12621.101084/ELE/1967 Corporate Publication2015-04-12
 Circulation section Central Library, BUET 13621_101084000000000_ELE_1967 183012015-04-12Central Library, BUET2015-04-12621.101084/ELE/1967 Corporate Publication2015-04-12